[Event "World Rapid Women 2025"]
[Site "Doha QAT"]
[Date "2025.12.28"]
[Round "11.16"]
[White "Vo, Thi Kim Phung"]
[Black "Song, Yuxin"]
[Result "0-1"]
[WhiteTitle "WGM"]
[BlackTitle "IM"]
[WhiteElo "2322"]
[BlackElo "2454"]
[WhiteFideId "12401838"]
[BlackFideId "8614300"]
[EventDate "2025.12.26"]

1. d4 Nf6 2. c4 e6 3. Nc3 Bb4 4. Nf3 b6 5. g3 Bb7 6. Bg2 O-O 7. Bd2 d6 8. O-O
Nbd7 9. Qc2 a5 10. b3 Qe7 11. a3 Bxc3 12. Bxc3 Ne4 13. Bb2 f5 14. Rad1 Ng5 15.
Nxg5 Bxg2 16. Nxe6 Be4 17. Qd2 Qxe6 18. d5 Qg6 19. f3 f4 20. fxe4 fxg3 21. Qe3
gxh2+ 22. Kxh2 Rae8 23. Rxf8+ Nxf8 24. Rg1 Qh5+ 25. Kg2 Ng6 26. e5 Rf8 27. Rh1
Qg4+ 28. Kh2 Rf5 29. Qg3 Qxe2+ 0-1

[Event "World Rapid Women 2025"]
[Site "Doha QAT"]
[Date "2025.12.28"]
[Round "11.17"]
[White "Khotenashvili, Bella"]
[Black "Cori T., Deysi"]
[Result "1-0"]
[WhiteTitle "GM"]
[BlackTitle "IM"]
[WhiteElo "2426"]
[BlackElo "2349"]
[WhiteFideId "13602640"]
[BlackFideId "3801934"]
[EventDate "2025.12.26"]

1. Nf3 g6 2. g3 Bg7 3. Bg2 d6 4. c4 Nf6 5. Nc3 O-O 6. O-O e5 7. d3 c6 8. e4 a5
9. h3 Na6 10. Rb1 Rb8 11. d4 Qe7 12. Re1 h6 13. a3 Rd8 14. Be3 b5 15. cxb5 cxb5
16. b4 axb4 17. axb4 Bb7 18. d5 Rdc8 19. Nxb5 Nxe4 20. Ba7 Nf6 21. Bxb8 Rxb8 22.
Nc3 Qd7 23. Nd2 Nc7 24. Nc4 h5 25. b5 Ba8 26. b6 Na6 27. Na5 Bb7 28. Nxb7 Qxb7
29. Qa4 Rc8 30. Qa3 Bf8 31. Rec1 Bh6 32. Rd1 Bf8 33. Na4 Nd7 34. Qb3 Bh6 35. Qb5
Rc2 36. Rb2 Rc8 37. h4 Kg7 38. Bh3 f5 39. Bf1 Nac5 40. Nxc5 Rxc5 41. Qa6 Qxa6
42. Bxa6 Ra5 43. Bc8 Nb8 44. Rc2 e4 45. Rc7+ Kf6 46. Rb7 Na6 47. Rh7 Bg7 48.
Bxa6 Rxa6 49. Rb1 Ra8 50. b7 Rb8 51. Rb6 Kf7 52. f3 exf3 53. Kf2 Kg8 54. Rxg7+
Kxg7 55. Kxf3 Kf6 56. Kf4 1-0

[Event "World Rapid Women 2025"]
[Site "Doha QAT"]
[Date "2025.12.28"]
[Round "11.18"]
[White "Munkhzul, Turmunkh"]
[Black "Zhang, Lanlin"]
[Result "1-0"]
[WhiteTitle "WGM"]
[BlackTitle "WIM"]
[WhiteElo "2271"]
[BlackElo "2291"]
[WhiteFideId "4901878"]
[BlackFideId "8608032"]
[EventDate "2025.12.26"]

1. Nf3 Nf6 2. g3 g6 3. Bg2 Bg7 4. O-O O-O 5. d4 d5 6. Bf4 c6 7. c3 Bf5 8. Nbd2
Nbd7 9. Ne5 Nh5 10. Ndf3 Nxf4 11. gxf4 f6 12. Nd3 Bxd3 13. Qxd3 e5 14. dxe5 fxe5
15. Ng5 Qe7 16. Qh3 Bf6 17. Ne6 Rf7 18. fxe5 Bxe5 19. f4 Re8 20. fxe5 Rxf1+ 21.
Rxf1 Qxe6 22. Qe3 b6 23. c4 dxc4 24. Bh3 Qxe5 25. Qf3 Qc5+ 26. Kh1 Ne5 27. Qf6
Qe7 28. Qf4 b5 29. a3 a5 30. Qd4 Nf7 31. Bg2 Qxe2 32. Qa7 Re7 33. Qxa5 Qxb2 34.
Qa8+ Kg7 35. Qxc6 Qe5 36. a4 bxa4 37. Qxc4 a3 38. Qa4 Qc3 39. Qh4 g5 40. Qf2 Qb2
41. Qc5 Rd7 42. Qf5 Re7 43. Be4 Qe5 44. Qxh7+ Kf8 45. Qh6+ Qg7 46. Qc6 a2 47.
Qa8+ Re8 48. Qa3+ Kg8 49. Bd5 Rf8 50. Qxa2 Qg6 51. Qc4 Kg7 52. Qc7 Kg8 53. Qe7
Kg7 54. Be4 Qa6 55. Rf2 Qb6 56. Kg2 Qa6 57. Bd5 Qg6 58. Qb7 Qh5 59. Be6 Qg6 60.
Bd5 Qh5 61. Qd7 Qg6 62. Qe7 Qh5 63. Be6 Qg6 64. Bd5 Qh5 65. Qf6+ Kg8 66. Be6 g4
67. Rf5 Qh3+ 68. Kh1 1-0

[Event "World Rapid Women 2025"]
[Site "Doha QAT"]
[Date "2025.12.28"]
[Round "11.19"]
[White "Mammadzada, Gunay"]
[Black "Shukhman, Anna"]
[Result "1/2-1/2"]
[WhiteTitle "IM"]
[BlackTitle "WGM"]
[WhiteElo "2390"]
[BlackElo "2431"]
[WhiteFideId "13403729"]
[BlackFideId "54180058"]
[EventDate "2025.12.26"]

1. e4 c5 2. Nf3 d6 3. d4 cxd4 4. Nxd4 Nf6 5. Nc3 a6 6. g3 g6 7. Bg2 Bg7 8. O-O
O-O 9. Re1 Nc6 10. Nxc6 bxc6 11. e5 dxe5 12. Bxc6 Rb8 13. Qxd8 Rxd8 14. Rxe5 Ng4
15. Re1 Ne5 16. Bg2 Nc4 17. Nd1 Bg4 18. f3 Bf5 19. c3 Bc2 20. Ne3 Nxe3 21. Rxe3
Rd1+ 22. Kf2 Rbd8 23. f4 e6 24. Bf3 R1d7 25. Re2 Bd1 26. Re1 Bxf3 27. Kxf3 Rb8
28. Ke2 e5 29. fxe5 Bxe5 30. Rd1 Re7 31. Kf3 h5 32. Re1 f6 33. Re2 Reb7 34. h4
Kf7 35. a4 a5 36. Ra2 Rc8 37. Bf4 Bxf4 38. Kxf4 Rcb8 39. Kf3 Rb6 40. Kf2 R8b7
41. Kf3 Rb8 42. Rd2 Ke6 43. Ke4 Rb3 44. Rd5 f5+ 45. Kd4 Rxb2 46. Rxb2 Rxb2 47.
Rxa5 Rg2 48. Ra6+ Kf7 49. Ke5 Re2+ 50. Kd4 Rg2 51. a5 Rxg3 52. Ra7+ Kf6 53. Ra6+
Kf7 54. Ra7+ Kf6 55. Ra6+ 1/2-1/2

[Event "World Rapid Women 2025"]
[Site "Doha QAT"]
[Date "2025.12.28"]
[Round "11.20"]
[White "Pham, Le Thao Nguyen"]
[Black "Balajayeva, Khanim"]
[Result "1/2-1/2"]
[WhiteTitle "IM"]
[BlackTitle "IM"]
[WhiteElo "2348"]
[BlackElo "2351"]
[WhiteFideId "12401226"]
[BlackFideId "13406396"]
[EventDate "2025.12.26"]

1. d4 d5 2. Nf3 Nf6 3. c4 e6 4. Nc3 Be7 5. Bg5 h6 6. Bh4 dxc4 7. e3 c5 8. Bxc4
cxd4 9. Qxd4 Bd7 10. O-O Nc6 11. Qd2 Nh5 12. Bxe7 Qxe7 13. Ne4 O-O 14. Rfd1 Rfd8
15. Qd6 Qxd6 16. Nxd6 Rab8 17. Rd2 Nf6 18. Rad1 Kf8 19. e4 Be8 20. Bb5 a6 21.
Ba4 b5 22. Bb3 Ke7 23. h3 Nd7 24. Nxe8 Kxe8 25. Rd6 Nde5 26. Nxe5 Nxe5 27. Rxa6
Rxd1+ 28. Bxd1 Nd3 29. b3 Nc5 30. Ra5 Nxe4 31. Bf3 Nc3 32. a4 bxa4 33. bxa4 Rb1+
34. Kh2 Ke7 35. Ra7+ Kf6 36. a5 Ra1 37. Bc6 g5 38. a6 Ke5 39. Ra8 Kd6 40. Bb7
Nb5 41. Rd8+ Ke7 42. Rc8 Nd6 43. Rc7+ Kf6 44. f3 Nxb7 45. axb7 Rb1 46. Kg3 Rb2
47. h4 Kg6 48. Kh3 f5 49. Rd7 h5 50. hxg5 Kxg5 51. Rf7 Rb4 52. g3 h4 53. f4+ Kg6
54. Rc7 hxg3 55. Kxg3 Rb3+ 56. Kf2 Kf6 57. Ke2 e5 58. Rc6+ Ke7 59. Rh6 Kd7 60.
fxe5 Rxb7 61. Rh7+ Kc6 62. Rxb7 Kxb7 63. Kf3 Kc7 64. Kf4 Kd7 65. Kxf5 Ke7 66. e6
Ke8 67. Kf6 Kf8 1/2-1/2

[Event "World Rapid Women 2025"]
[Site "Doha QAT"]
[Date "2025.12.28"]
[Round "11.21"]
[White "Tokhirjonova, Gulrukhbegim"]
[Black "Assaubayeva, Bibisara"]
[Result "1/2-1/2"]
[WhiteTitle "IM"]
[BlackTitle "GM"]
[WhiteElo "2372"]
[BlackElo "2497"]
[WhiteFideId "14203626"]
[BlackFideId "13708694"]
[EventDate "2025.12.26"]

1. d4 Nf6 2. Nf3 g6 3. g3 Bg7 4. Bg2 c5 5. d5 d6 6. O-O b5 7. Re1 O-O 8. e4 Bb7
9. c4 bxc4 10. Na3 Nbd7 11. Nxc4 a5 12. Bd2 a4 13. Bc3 Ng4 14. Bxg7 Kxg7 15. Qd2
Qc7 16. Qc3+ Kg8 17. Rad1 Ba6 18. h3 Bxc4 19. Qxc4 Nge5 20. Nxe5 Nxe5 21. Qc3
Qb6 22. Kh2 c4 23. Re2 Rfb8 24. Rd4 Qb4 25. f4 Qxc3 26. bxc3 Nd3 27. Rxc4 a3 28.
Rd2 Ne1 29. Rb4 Rxb4 30. cxb4 Rb8 31. Re2 Nxg2 32. Kxg2 Rxb4 33. Kf3 Rb2 34. Ke3
h5 35. Kd3 Rb1 36. Kc3 Kf8 37. h4 Ke8 38. Kc4 Rb2 39. Kd3 Rb1 40. Kc4 1/2-1/2

[Event "World Rapid Women 2025"]
[Site "Doha QAT"]
[Date "2025.12.28"]
[Round "11.22"]
[White "Nomin-Erdene, Davaademberel"]
[Black "Kamalidenova, Meruert"]
[Result "0-1"]
[WhiteTitle "IM"]
[BlackTitle "IM"]
[WhiteElo "2312"]
[BlackElo "2366"]
[WhiteFideId "4900782"]
[BlackFideId "13712802"]
[EventDate "2025.12.26"]

1. e4 c5 2. Nf3 Nc6 3. d4 cxd4 4. Nxd4 Nf6 5. Nc3 e5 6. Ndb5 d6 7. Bg5 a6 8. Na3
b5 9. Nd5 Be7 10. Bxf6 Bxf6 11. c4 b4 12. Nc2 O-O 13. Qf3 Bh4 14. g3 Bg5 15. h4
Bh6 16. g4 Qa5 17. b3 Bf4 18. Be2 Re8 19. Nxf4 exf4 20. Qxf4 Bb7 21. f3 Rad8 22.
O-O Qc5+ 23. Rf2 d5 24. cxd5 Ne5 25. Ne1 Ng6 26. Qg3 Bxd5 27. h5 Nf8 28. Nd3 Qb6
29. Rc1 Ba8 30. Bf1 Ne6 31. Re1 Ng5 32. Kh2 h6 33. Nb2 Rd4 34. Nc4 Qd8 35. Ne3
Bxe4 36. fxe4 Nxe4 37. Qf3 Nxf2 38. Qxf2 Rd2 39. Be2 Qe7 40. Rd1 Rxd1 41. Bxd1
Qxe3 42. Qc2 Rd8 43. Be2 Qf2+ 44. Kh1 Re8 0-1

[Event "World Rapid Women 2025"]
[Site "Doha QAT"]
[Date "2025.12.28"]
[Round "11.23"]
[White "Beydullayeva, Govhar"]
[Black "Injac, Teodora"]
[Result "1/2-1/2"]
[WhiteTitle "WGM"]
[BlackTitle "IM"]
[WhiteElo "2364"]
[BlackElo "2421"]
[WhiteFideId "13413015"]
[BlackFideId "932400"]
[EventDate "2025.12.26"]

1. d4 Nf6 2. c4 e6 3. Bf4 Bb4+ 4. Nd2 Nc6 5. Nf3 d6 6. a3 Bxd2+ 7. Qxd2 Qe7 8.
d5 Nb8 9. Bg3 a5 10. c5 dxc5 11. d6 cxd6 12. Bxd6 Ne4 13. Bxe7 Nxd2 14. Bd6 Ne4
15. Bc7 f6 16. g3 Bd7 17. Bg2 Bc6 18. Rd1 Kf7 19. O-O Rc8 20. Bf4 g5 21. Be3 b6
22. Ne1 Ke7 23. Nd3 Nd7 24. Bh3 h5 25. f3 Nd6 26. Bf2 Rd8 27. Rfe1 c4 28. Nc1
Ba4 29. Rd2 Rac8 30. Na2 Nc5 31. Nc3 Bb3 32. a4 Ndb7 33. Rxd8 Rxd8 34. f4 g4 35.
Bg2 Rd2 36. Rb1 Nd6 37. Be3 Rc2 38. Kf1 f5 39. Bc6 Kd8 40. Bxc5 bxc5 41. Ke1 Kc7
42. Bg2 Kb6 43. Nd1 Ba2 44. Ra1 Bb3 45. Rb1 Ba2 46. Ra1 Bb3 47. Rb1 1/2-1/2

[Event "World Rapid Women 2025"]
[Site "Doha QAT"]
[Date "2025.12.28"]
[Round "11.24"]
[White "Krush, Irina"]
[Black "Nurgaliyeva, Zarina"]
[Result "1-0"]
[WhiteTitle "GM"]
[BlackTitle "WIM"]
[WhiteElo "2402"]
[BlackElo "2305"]
[WhiteFideId "2012782"]
[BlackFideId "13730096"]
[EventDate "2025.12.26"]

1. d4 Nf6 2. c4 e6 3. Nc3 Bb4 4. e3 Nc6 5. Bd2 d5 6. Nf3 O-O 7. Rc1 Bd6 8. Be2
dxc4 9. Bxc4 e5 10. d5 Ne7 11. e4 Ng6 12. O-O a6 13. h3 b5 14. Bd3 Bb7 15. Qe2
c6 16. dxc6 Bxc6 17. a3 Qb6 18. g3 Qb7 19. Rfe1 h6 20. Nh2 Rfd8 21. Ng4 Be7 22.
Nxf6+ Bxf6 23. Nd5 Be7 24. Ba5 Rd6 25. Bb1 Bg5 26. Rc5 Nf8 27. h4 Bd8 28. Bc3
Nd7 29. b4 Nxc5 30. bxc5 Re6 31. Ba2 Rb8 32. Qh5 Re8 33. Nb4 Rf8 34. Bxe5 Bc7
35. Bc3 Bxe4 36. Qg4 g6 37. Rxe4 Kh7 38. Re7 Qc8 39. Qd4 1-0

[Event "World Rapid Women 2025"]
[Site "Doha QAT"]
[Date "2025.12.28"]
[Round "11.25"]
[White "Garifullina, Leya"]
[Black "Bivol, Alina"]
[Result "1/2-1/2"]
[WhiteTitle "IM"]
[BlackTitle "IM"]
[WhiteElo "2454"]
[BlackElo "2360"]
[WhiteFideId "34127035"]
[BlackFideId "4100123"]
[EventDate "2025.12.26"]

1. e4 d5 2. exd5 Qxd5 3. Nc3 Qa5 4. d4 Bf5 5. Nf3 e6 6. Ne5 Nc6 7. Bb5 Bb4 8.
Bd2 Bxc3 9. Bxc6+ bxc6 10. Bxc3 Qd5 11. O-O f6 12. Nd3 Ne7 13. Re1 Bxd3 14. Qxd3
Kf7 15. Re4 Nf5 16. Rae1 Rhe8 17. b3 Rad8 18. Bb2 c5 19. c4 Qd7 20. d5 exd5 21.
Rxe8 Rxe8 22. Rxe8 Qxe8 23. Qxd5+ Kg6 24. Qd1 Qe4 25. Ba3 Nh4 26. f3 Qe3+ 27.
Kf1 Nf5 28. Qc2 h5 29. Qe4 Qxe4 30. fxe4 Ne3+ 31. Kg1 Nd1 32. Bxc5 Nc3 33. Bxa7
Nxa2 34. Kf1 Nc3 35. e5 fxe5 36. Bb8 Ne4 37. Bxc7 Nd2+ 38. Ke2 Nxb3 39. Bxe5 Kf7
40. Ke3 g6 41. Bc7 Nc5 42. Bb6 Nd7 43. c5 Ke6 44. Kd4 Ne5 45. Bc7 Nc6+ 46. Kc4
Kd7 47. Bf4 Ke6 48. h4 Ne7 49. g3 Nc6 50. Bd6 Na7 51. Kd4 Nb5+ 52. Ke4 Nxd6+ 53.
cxd6 Kxd6 54. Kf4 Ke6 55. Kg5 Kf7 56. g4 hxg4 57. Kxg4 Kf6 1/2-1/2

[Event "World Rapid Women 2025"]
[Site "Doha QAT"]
[Date "2025.12.28"]
[Round "11.26"]
[White "Salimova, Nurgyul"]
[Black "Kaliakhmet, Elnaz"]
[Result "1-0"]
[WhiteTitle "IM"]
[BlackTitle "WIM"]
[WhiteElo "2396"]
[BlackElo "2329"]
[WhiteFideId "2915138"]
[BlackFideId "13730169"]
[EventDate "2025.12.26"]

1. d4 d5 2. c4 e6 3. Nf3 Nf6 4. g3 dxc4 5. Bg2 a6 6. O-O Nc6 7. a4 Bb4 8. Na3
Bxa3 9. Rxa3 Rb8 10. a5 b5 11. axb6 cxb6 12. Bf4 Rb7 13. Ne5 Nxe5 14. Bxe5 Ra7
15. Qc1 b5 16. b3 O-O 17. bxc4 bxc4 18. Qxc4 Nd5 19. Qc5 Rd7 20. g4 Bb7 21. Rb1
Qa8 22. Rab3 Rc8 23. Qa5 f6 24. Bg3 Kf7 25. h4 Bc6 26. Rb8 Rxb8 27. Rxb8 Qa7 28.
e4 Ne7 29. Qh5+ Ng6 30. Qxh7 Nf8 31. Qh8 Qxb8 32. Bxb8 Rxd4 33. Qh5+ g6 34. Qc5
Rd1+ 35. Kh2 Bb5 36. g5 Nd7 37. Qc2 Re1 38. Bg3 Re2 39. Qc7 Ke7 40. gxf6+ Kxf6
41. Qf4+ Ke7 42. Qh6 Kf7 43. Qh7+ Kf6 44. Bf1 Rd2 45. Bxb5 axb5 46. h5 1-0

[Event "World Rapid Women 2025"]
[Site "Doha QAT"]
[Date "2025.12.28"]
[Round "11.27"]
[White "Yu, Jennifer"]
[Black "Rudzinska, Michalina"]
[Result "0-1"]
[WhiteTitle "FM"]
[BlackTitle "WGM"]
[WhiteElo "2276"]
[BlackElo "2206"]
[WhiteFideId "2078341"]
[BlackFideId "1172883"]
[EventDate "2025.12.26"]

1. c4 e6 2. Nc3 d5 3. e3 Nf6 4. Nf3 dxc4 5. Bxc4 a6 6. O-O b5 7. Be2 Bb7 8. b3
Nbd7 9. Bb2 Bd6 10. Rc1 O-O 11. d4 c5 12. Qd2 Qe7 13. Rfd1 Rfd8 14. h3 Rac8 15.
Qe1 Bb8 16. Rd2 c4 17. bxc4 bxc4 18. Nb1 Nb6 19. Ba3 Qc7 20. Ne5 Ne4 21. Rb2 f6
22. Qa5 fxe5 23. Qxb6 exd4 24. Qxc7 Rxc7 25. exd4 Rxd4 26. Rb4 Ba7 27. Bb2 c3
28. Rxd4 Bxd4 29. Bf3 Nxf2 30. Bxc3 Nd3+ 31. Kh2 Nxc1 32. Bxd4 Bxf3 33. gxf3
Rc2+ 34. Kg3 Ne2+ 0-1

[Event "World Rapid Women 2025"]
[Site "Doha QAT"]
[Date "2025.12.28"]
[Round "11.28"]
[White "Gu, Xiaobing"]
[Black "Padmini, Rout"]
[Result "0-1"]
[WhiteTitle "WGM"]
[BlackTitle "IM"]
[WhiteElo "2106"]
[BlackElo "2354"]
[WhiteFideId "8602611"]
[BlackFideId "5029295"]
[EventDate "2025.12.26"]

1. e4 e5 2. d4 exd4 3. Qxd4 Nc6 4. Qc4 Nf6 5. Nc3 Bb4 6. Bd2 O-O 7. O-O-O Re8 8.
f3 d6 9. Nge2 Be6 10. Qb5 Qc8 11. Nf4 a6 12. Qg5 Ne5 13. Kb1 b5 14. h4 Nc4 15.
Bxc4 bxc4 16. Ncd5 Nxd5 17. exd5 Bxd2 18. dxe6 f6 19. Qf5 Bxf4 20. Qxf4 Qxe6 21.
Rd4 Qe2 22. Rxc4 Qxg2 23. Rd1 Re7 24. a3 Rae8 25. Ka2 h5 26. Qf5 Re5 27. Qd7
Qxf3 28. Rd3 Qf2 29. Rxc7 R5e7 30. Qxd6 Rxc7 31. Qxc7 Qxh4 32. Rg3 g5 33. Rb3
Qe4 34. Rb7 Qg6 35. Qc4+ Kh8 36. Qxa6 g4 37. Qd6 g3 38. Qd4 g2 39. Qg1 Qxc2 40.
Qh2 Qg6 41. Qg1 Qg8+ 42. Ka1 Re1+ 43. Qxe1 g1=Q 44. Qxg1 Qxg1+ 45. Ka2 h4 46. a4
h3 0-1

[Event "World Rapid Women 2025"]
[Site "Doha QAT"]
[Date "2025.12.28"]
[Round "11.29"]
[White "Nurman, Alua"]
[Black "Francisco Guecamburu, Candela Be"]
[Result "0-1"]
[WhiteTitle "WGM"]
[BlackTitle "WGM"]
[WhiteElo "2367"]
[BlackElo "2238"]
[WhiteFideId "13729390"]
[BlackFideId "160911"]
[EventDate "2025.12.26"]

1. e4 e5 2. Nf3 Nc6 3. Bb5 g6 4. O-O Bg7 5. c3 a6 6. Ba4 Nge7 7. d4 exd4 8. cxd4
b5 9. Bb3 O-O 10. Nc3 Na5 11. Bc2 d6 12. h3 c5 13. d5 Nc4 14. Rb1 Na3 15. bxa3
Bxc3 16. Bh6 Bg7 17. Qd2 f6 18. Bf4 g5 19. Be3 Ng6 20. a4 h6 21. Bd3 b4 22. h4
g4 23. Nh2 h5 24. f4 f5 25. g3 fxe4 26. Bxe4 Bf5 27. Qd3 Qd7 28. Rbe1 Rae8 29.
Bxf5 Qxf5 30. Qxa6 Rxe3 31. Rxe3 Bd4 32. Re1 Nxf4 33. gxf4 Qxf4 34. Qe2 g3 35.
Kh1 Bxe3 36. Qxe3 Qxe3 37. Rxe3 gxh2 38. Rg3+ Kh7 39. a3 Ra8 40. axb4 cxb4 41.
Kxh2 Rxa4 42. Rg5 b3 43. Rxh5+ Kg6 44. Rg5+ Kf6 45. Rg1 Rxh4+ 46. Kg3 Rb4 47.
Kf3 b2 48. Rb1 Ke5 49. Ke3 Kxd5 50. Kd3 Rb3+ 51. Kc2 Kc4 52. Kd2 Kb4 53. Kc2 Ka3 0-1

[Event "World Rapid Women 2025"]
[Site "Doha QAT"]
[Date "2025.12.28"]
[Round "11.30"]
[White "Priyanka, Nutakki"]
[Black "Omonova, Umida"]
[Result "1/2-1/2"]
[WhiteTitle "WGM"]
[BlackTitle "WIM"]
[WhiteElo "2292"]
[BlackElo "2294"]
[WhiteFideId "25049615"]
[BlackFideId "14210363"]
[EventDate "2025.12.26"]

1. d4 d5 2. c4 e6 3. Nc3 Nf6 4. cxd5 exd5 5. Bg5 Be7 6. e3 O-O 7. Bd3 Re8 8.
Bxf6 Bxf6 9. Qh5 g6 10. Qxd5 Bxd4 11. Qxd8 Bxc3+ 12. bxc3 Rxd8 13. Ke2 Nd7 14.
Nf3 Nc5 15. Rhd1 Be6 16. Bc2 Bc4+ 17. Ke1 Rxd1+ 18. Kxd1 Rd8+ 19. Ke1 Rd6 20.
Nd2 Be6 21. Nb3 Na4 22. Na5 Nxc3 23. Nxb7 Ra6 24. Bd3 Rxa2 25. Rc1 Nd5 26. Bc4
Rb2 27. Nc5 c6 28. Nxe6 fxe6 29. Bxd5 cxd5 30. Rc8+ Kf7 31. Rc7+ Kf6 32. Rxa7 h5
33. h4 e5 34. Ra5 Ke6 35. Ra4 Kf5 36. Kf1 Rc2 37. f3 1/2-1/2

[Event "World Rapid Women 2025"]
[Site "Doha QAT"]
[Date "2025.12.28"]
[Round "11.31"]
[White "Berend, Elvira"]
[Black "Mgeladze, Kesaria"]
[Result "1/2-1/2"]
[WhiteTitle "WGM"]
[BlackTitle "WIM"]
[WhiteElo "2265"]
[BlackElo "2195"]
[WhiteFideId "4000510"]
[BlackFideId "13621130"]
[EventDate "2025.12.26"]

1. d4 Nf6 2. Nf3 e6 3. Bg5 d5 4. e3 c5 5. Nbd2 Nc6 6. c3 h6 7. Bh4 Be7 8. Bd3 c4
9. Bc2 b5 10. Bxf6 Bxf6 11. e4 b4 12. Rc1 a5 13. O-O O-O 14. Ba4 Bd7 15. e5 Be7
16. h3 Qe8 17. Bxc6 Bxc6 18. Nh2 a4 19. cxb4 Bxb4 20. Ng4 a3 21. b3 cxb3 22.
Nxb3 Bb5 23. Qf3 Bxf1 24. Rxf1 Rc8 25. Nf6+ gxf6 26. exf6 Kh8 27. Qe3 Kh7 28.
Qd3+ Kh8 29. Qe3 1/2-1/2

[Event "World Rapid Women 2025"]
[Site "Doha QAT"]
[Date "2025.12.28"]
[Round "11.32"]
[White "Kairbekova, Amina"]
[Black "Kurmangaliyeva, Liya"]
[Result "0-1"]
[WhiteTitle "WGM"]
[BlackTitle "FM"]
[WhiteElo "2353"]
[BlackElo "2339"]
[WhiteFideId "13712799"]
[BlackFideId "13725831"]
[EventDate "2025.12.26"]

1. e4 d6 2. d4 g6 3. Nc3 Bg7 4. h4 h5 5. Be3 c6 6. a4 Qa5 7. Qd2 Nf6 8. f3 Nbd7
9. Bd3 e5 10. Nge2 Rb8 11. O-O O-O 12. Rfb1 Re8 13. b4 Qc7 14. d5 a6 15. a5 cxd5
16. exd5 e4 17. Bxe4 Ne5 18. Bd3 Nc4 19. Bxc4 Qxc4 20. Qd4 Qc7 21. Qb6 Qxb6 22.
Bxb6 Bd7 23. Kf2 Rbc8 24. Ra3 Rc4 25. g3 Rec8 26. Bd4 Bf5 27. b5 Bxc2 28. Rb2
Bd3 29. bxa6 bxa6 30. Rb6 Bxe2 31. Bxf6 Bxf6 32. Nxe2 Rc2 33. Rb4 Re8 34. Re4
Rxe4 35. fxe4 Bd4+ 36. Kf3 Bc5 37. Rd3 Kf8 38. Nd4 Ra2 39. e5 dxe5 40. Nc6 f5
41. Re3 e4+ 42. Kf4 Rf2+ 43. Ke5 Bxe3 44. d6 Rd2 45. Nd8 Ke8 46. Ne6 Bf2 0-1

[Event "World Rapid Women 2025"]
[Site "Doha QAT"]
[Date "2025.12.28"]
[Round "11.33"]
[White "Khafizova, Diana"]
[Black "Zhapova, Yana"]
[Result "1-0"]
[WhiteTitle "WFM"]
[BlackTitle "FM"]
[WhiteElo "2234"]
[BlackElo "2260"]
[WhiteFideId "34378049"]
[BlackFideId "24278670"]
[EventDate "2025.12.26"]

1. d4 Nf6 2. c4 e6 3. Nf3 d5 4. g3 Bb4+ 5. Bd2 Be7 6. Bg2 O-O 7. O-O Nbd7 8. Qc2
c6 9. Bf4 a5 10. Nbd2 Nh5 11. Be3 f5 12. Bf4 g5 13. Be5 g4 14. Ne1 Nxe5 15. dxe5
Bd7 16. Nd3 f4 17. gxf4 Nxf4 18. Nxf4 Rxf4 19. e4 d4 20. Qd3 Qf8 21. Qxd4 Be8
22. Nb3 a4 23. Nc1 Rd8 24. Qc3 Bc5 25. Nd3 Bd4 26. Qd2 Bxe5 27. Qe3 Rxd3 28.
Qxd3 Qh6 29. h3 gxh3 30. Bxh3 Rh4 31. Kg2 Bg6 32. Rfe1 Qg5+ 33. Kf1 Rf4 34. Rad1
Kg7 35. Re3 Qh4 36. Rd2 Rf7 37. Rf3 Bf4 38. Rd1 Bh5 39. Bxe6 Rf6 1-0

[Event "World Rapid Women 2025"]
[Site "Doha QAT"]
[Date "2025.12.28"]
[Round "11.34"]
[White "Mamedjarova, Zeinab"]
[Black "Yip, Carissa"]
[Result "0-1"]
[WhiteTitle "WGM"]
[BlackTitle "IM"]
[WhiteElo "2155"]
[BlackElo "2459"]
[WhiteFideId "13401521"]
[BlackFideId "2090732"]
[EventDate "2025.12.26"]

1. d4 g6 2. Nf3 Bg7 3. Bf4 d6 4. e3 Nf6 5. Bc4 O-O 6. h3 b6 7. O-O Bb7 8. c3
Nbd7 9. Nbd2 e6 10. a4 a5 11. Qe2 Qe7 12. Rfd1 e5 13. dxe5 dxe5 14. Bh2 Rad8 15.
Ba2 e4 16. Nd4 Nc5 17. Bc4 c6 18. b4 axb4 19. cxb4 Nd3 20. b5 c5 21. Nc6 Bxc6
22. bxc6 Nd5 23. Nxe4 Bxa1 24. Rxa1 Qxe4 25. Bxd3 Qe7 26. Bg3 Qf6 27. Rc1 Qxc6
28. Bh4 Rc8 29. Bb5 Qe6 30. Bc4 Qc6 31. Qb2 h6 32. Qb3 Nf6 33. Rd1 Kg7 34. Bb5
Qe6 35. Bc4 Qc6 36. Bb5 Qe6 37. Qc3 Rcd8 38. Rb1 g5 39. Bg3 Kg8 40. Bc4 Ne4 41.
Qb3 Qf5 42. Qxb6 Nxg3 43. fxg3 Qe4 44. Bf1 Qxe3+ 45. Kh2 Kg7 46. a5 Qe5 47. Rc1
Rc8 48. a6 h5 49. Kh1 Rfe8 50. a7 Qxg3 51. Qb7 0-1

[Event "World Rapid Women 2025"]
[Site "Doha QAT"]
[Date "2025.12.28"]
[Round "11.35"]
[White "Bodnaruk, Anastasia"]
[Black "Nandhidhaa, P V"]
[Result "1-0"]
[WhiteTitle "IM"]
[BlackTitle "WGM"]
[WhiteElo "2357"]
[BlackElo "2257"]
[WhiteFideId "4181751"]
[BlackFideId "5050847"]
[EventDate "2025.12.26"]

1. e4 e6 2. d4 d5 3. e5 c5 4. c3 Bd7 5. Nf3 Qb6 6. Be2 Bb5 7. O-O Bxe2 8. Qxe2
Nc6 9. dxc5 Bxc5 10. b4 Bf8 11. a4 Nge7 12. a5 Qc7 13. a6 b6 14. Na3 Ng6 15. Nb5
Qd7 16. Nbd4 Be7 17. Bd2 O-O 18. Nxc6 Qxc6 19. Nd4 Qc7 20. f4 Rfc8 21. g3 Qc4
22. Qe3 b5 23. f5 exf5 24. Rxf5 Re8 25. Qf2 Bd8 26. Rf1 Bb6 27. h4 Nxe5 28. Rxe5
f6 29. Ree1 Qd3 30. Kh2 Rac8 31. Kh3 h6 32. h5 Re4 33. Rxe4 dxe4 34. Re1 Re8 35.
Qe3 Qc4 36. Qe2 Qf7 37. Bf4 Bxd4 38. cxd4 Qd7+ 39. Qg4 Qxd4 40. Rd1 Qc4 41. Bxh6
Qe6 42. Qxe6+ Rxe6 43. Be3 Rxa6 44. Rd8+ Kh7 45. Rd7 Ra4 46. h6 Rxb4 47. Rxg7+
Kh8 48. Rxa7 Rc4 49. Rd7 b4 50. Bd4 Rc6 51. g4 e3 52. g5 e2 53. g6 Rc8 54. Bxf6+
Kg8 55. h7+ 1-0

[Event "World Rapid Women 2025"]
[Site "Doha QAT"]
[Date "2025.12.28"]
[Round "11.36"]
[White "Mamedjarova, Turkan"]
[Black "Danielian, Elina"]
[Result "1/2-1/2"]
[WhiteTitle "WGM"]
[BlackTitle "GM"]
[WhiteElo "2216"]
[BlackElo "2408"]
[WhiteFideId "13402005"]
[BlackFideId "13300210"]
[EventDate "2025.12.26"]

1. e4 d6 2. Nf3 Nf6 3. Nc3 g6 4. Bc4 Bg7 5. O-O O-O 6. h3 c6 7. d4 Nxe4 8. Bxf7+
Rxf7 9. Nxe4 Na6 10. Re1 Nc7 11. c4 Rf8 12. Ng3 Be6 13. Qd3 Kh8 14. Bg5 Qd7 15.
Re2 b5 16. b3 Rae8 17. Rae1 a6 18. d5 cxd5 19. cxd5 Bxd5 20. Rxe7 Qc6 21. Rxe8
Nxe8 22. Be7 Rg8 23. Ng5 Nc7 24. Qe4 Re8 25. Qh4 h6 26. Re3 Kg8 27. N5e4 Bxe4
28. Rxe4 d5 29. Re2 d4 30. Bb4 Rxe2 31. Nxe2 Nd5 32. Qd8+ Kh7 33. Bd2 Qc2 34.
Qxd5 Qxd2 35. Ng3 d3 36. Ne4 Qe2 37. Qb7 Qb2 38. Qd7 Qa1+ 39. Kh2 Qe5+ 40. Ng3
Qd4 41. Qxd4 Bxd4 42. Ne4 g5 43. Kg3 Kg6 44. Kf3 Kf5 45. g3 Ke5 46. a4 bxa4 47.
bxa4 Kd5 48. Nd2 a5 49. h4 Bb6 50. hxg5 hxg5 51. g4 Kd4 52. Ne4 Bd8 53. Nd6 Kc3
54. Nb5+ Kb4 55. Ke3 Kxa4 56. Nc3+ Kb3 57. Kxd3 a4 58. Ne4 Ba5 59. Nc5+ Kb4 60.
Ne6 a3 61. Kc2 Bb6 62. f4 gxf4 63. Nxf4 Bd4 64. Nd3+ Kc4 65. Nc1 Bf6 66. Na2 Bg5
67. Nc3 Bf6 68. Na2 Bb2 69. g5 Kd5 70. Kb3 Ke6 71. Nb4 Kf5 72. Nc2 Kxg5 73. Nxa3 1/2-1/2